01093nab a2200265 uc450000100070000000500170000700800410002403500110006503500210007604000130009704100080011010000430011824502620016165000210042365000260044465000250047065000410049565100280053670000530056470000490061770000380066677300940070494200100079899900190080887290620250312091931.0040504e20031205 spa  a872906 a(OCoLC)820105533 ccomduadb aspa10aEstrada, Dora Amparo4auteaut939264410aUtilidad de la morfologia de los huevos como un metodo indirecto para identificar Anopheles benarrochi Gabaldon. Cova Garcia & Lopez, Anopheles oswaldoi (Peryassu) y Anopheles rangeli Gabaldon, Cova Garcia & Lopez, (Diptera: Culicidae) en Putumayo, Colombia aAnopheles921081 aNyssorhynchus9121698 7aMalaria2lemb921094 7aVectores de enfermedades2dcs938640 7aColombia2embne987054710aQuiñones Pinzón, Martha L.4auteaut957637210aSierra Alzate, Diana Maria4auteaut924298510aCalle, David A.4auteaut93640740 tBiomédica (Bogotá)gVol. 23, No. 04, Dic. 2003, p. 388-395w317894x0120-41570101744 cARIMP c318974d318974